The Dick Whittington effect (Record no. 75682)
[ view plain ]
| 000 -LEADER | |
|---|---|
| fixed length control field | 00685cab a2200181 4500 |
| 001 - CONTROL NUMBER | |
| control field | L130531 |
| 008 - FIXED-LENGTH DATA ELEMENTS--GENERAL INFORMATION | |
| fixed length control field | 050809n2005 000 0 eng u |
| 035 ## - SYSTEM CONTROL NUMBER | |
| System control number | (Sirsi) u130531 |
| 041 ## - LANGUAGE CODE | |
| Language code of text/sound track or separate title | eng |
| 100 ## - MAIN ENTRY--PERSONAL NAME | |
| Personal name | Walker, Clive |
| 245 #4 - TITLE STATEMENT | |
| Title | The Dick Whittington effect |
| 260 ## - PUBLICATION, DISTRIBUTION, ETC. | |
| Date of publication, distribution, etc. | 2005 |
| 490 ## - SERIES STATEMENT | |
| Series statement | QS Week |
| Volume/sequential designation | (15) 3 August 2005, 12-13(2) |
| 520 ## - SUMMARY, ETC. | |
| Summary, etc. | Considers whether the current skills shortage in the construction industry will affect the building of the Olympic park and associated structures and what effect it will have beyond London as contractors move in from the rest of the country. |
| 590 ## - LOCAL NOTE (RLIN) | |
| Local note | IKA160805 |
| 690 ## - LOCAL SUBJECT ADDED ENTRY--TOPICAL TERM (OCLC, RLIN) | |
| Topical term or geographic name as entry element | BUILT ENVIRONMENT-CONSTRUCTION MARKET |
| 942 ## - ADDED ENTRY ELEMENTS (KOHA) | |
| Suppress in OPAC | 0 |
| Withdrawn status | Lost status | Source of classification or shelving scheme | Damaged status | Not for loan | Home library | Current library | Shelving location | Date acquired | Total Checkouts | Full call number | Barcode | Date last seen | Copy number | Price effective from | Koha item type |
|---|---|---|---|---|---|---|---|---|---|---|---|---|---|---|---|
| Dewey Decimal Classification | London | London | Journal article | 09/08/2005 | L130531 | 130531-1001 | 06/08/2019 | 1 | 06/08/2019 | Journal article |